000 00449cam a2200145 a 4500
020 _a0471844934
050 0 _aRJ131
_b.C56 1987
100 1 _aClarke-Stewart, Alison,
_d1943-2014.
245 1 0 _aChild development :
_binfancy through adolescence /
_cAlison Clarke-Stewart, Susan Friedman.
260 _aNew York :
_bWiley,
_cc1987.
300 _aviii, 623 p., [82] p. :
500 _aIncludes indexes.
700 1 _aFriedman, Susan,
942 _2lcc
_cGEN
999 _c10419
_d10419